| 000 | 00517 a2200169 4500 | ||
|---|---|---|---|
| 020 | _a389001007 | ||
| 050 |
_aRF173 _b.C68 |
||
| 100 |
_aCoville, Walter J.; _qWalter J.; Coville, _95595 |
||
| 245 |
_aAbnormal psychology / _cWalter J.; Coville, |
||
| 260 |
_aNew York : _bBarnes & Noble ; _cc1960 |
||
| 300 |
_avii ,298 p . : _c20 cm . |
||
| 490 | _aCollege outline series. | ||
| 650 |
_aPsychology, _9309 |
||
| 650 |
_a Pathological. _95093 |
||
| 650 |
_a Psychopathology Psychopathologie. _95596 |
||
| 942 |
_2lcc _cBK _n0 |
||
| 999 |
_c2724 _d2724 |
||